000 00520nam a2200181Ia 4500
008 100917s9999 xx 000 0 und d
082 _b39843
100 _aश्रोत्रयि वि. कृ.
245 _aमहाभारत
260 _bश्रोत्रयि प्रकाशन
_c1979
300 _a128
365 _b9
520 _aबालविभाग
630 _aमहाभारत
650 _aबालविभाग
730 _aमहाभारत
942 _cBOOK
999 _c645237
_d645234